000 00334nam a22001337a 4500
020 _a9780857079800
040 _cNUST
082 _a823-CH RUS
100 _aRussell, Rachel Renee
245 _a Dork Diaries How to Dork Your Diary
260 _aLondon:
_bSimon and Schuster,
_c2011.
650 _aEnglish Fiction
942 _2ddc
_cBK
999 _c593660
_d593660